Ist es möglich? - Statistiken

Allgemein
  • Dieses Quiz wurde 177 mal gespielt
  • Das Durchschnittsergebnis liegt bei 11 aus 15
Antwortstatistiken
Frage Antwort % Korrekt
Dass ein Mensch zwei unterschiedlich gefärbte Augen hat Ja
99%
Sich das Leben zu nehmen, indem man einfach den Atem anhält Nein
92%
Radiowellen zu sehen Nein
91%
Ein Leguan in den USA legal als Haustier zu halten Ja
89%
Dass eine Frau katholische Priesterin wird (nach geltenden Regeln) Nein
88%
Dass sich Bienen und Wespen miteinander fortpflanzen Nein
80%
Mit drei Würfen 179 Punkte im Darts zu erzielen Nein
79%
Zum Judentum zu konvertieren Ja
77%
Dass sich Löwen und Tiger miteinander fortpflanzen Ja
75%
Den Planeten Saturn mit bloßem Auge zu sehen Ja
72%
Dass Arnold Schwarzenegger Präsident der USA werden kann (nach aktueller Verfassung) Nein
62%
Ort und Geschwindigkeit eines Teilchens gleichzeitig exakt zu messen Nein
58%
Dass Zwillinge verschiedene Väter haben Ja
57%
Dass sich Grizzlybären und Eisbären miteinander fortpflanzen Ja
55%
Jede Rubik’s-Cube-Position in 10 Zügen oder weniger zu lösen Nein
49%
Keine übereinstimmenden Quizze gefunden
Verteilung der Resultate
Anzahl Personen mit jedem Resultat
Perzentil nach korrekt beantworteten Fragen
Ihre Resultats-Entwicklung
Sie haben dieses Quiz noch nicht gespielt